Imagine Dragons- Biggest Songs - Statistics

General Stats
  • This quiz has been taken 43 times
  • The average score is 14 of 29
Answer Stats
Album: Year: Answer: % Correct
Evolve 2017 Believer
92%
Night Visions 2012 Demons
84%
Night VIsions 2012 Radioactive
84%
Origins 2018 Bad Liar
79%
Evolve 2017 Thunder
79%
Origins 2018 Natural
76%
Mercury: Act 2 2022 Bones
66%
Evolve 2017 Whatever it Takes
66%
Night Visions 2012 It's Time
63%
Night Visions 2012 On Top of the World
63%
Smoke + Mirrors 2015 Shots
50%
LOOM 2025 Eyes Closed
47%
Origins 2018 Birds
45%
Smoke + Mirrors 2015 Gold
45%
LOOM 2025 Nice to Meet You
45%
Mercury: Act 2 2022 Sharks
45%
Mercury: Act 1 2021 Follow You
42%
Smoke + Mirrors 2015 I Bet My Life
37%
Suicide Squad: The Album 2016 Sucker for Pain
37%
LOOM 2025 Take Me to the Beach
37%
LOOM 2025 Wake Up
37%
Smoke + Mirrors 2015 Warriors
37%
Single (feat. Kygo) 2018 Born to be Yours
34%
Origins 2018 Machine
32%
Night Visions 2012 Amsterdam
29%
Smoke + Mirrors 2015 I'm So Sorry
26%
Evolve 2017 Walking the Wire
26%
Single 2016 Roots
21%
Mercury: Act 1 2021 Enemy (feat. JID)
3%
No matching quizzes found
Score Distribution
Percent of People with Each Score
Percentile by Number Answered
Your Score History
You have not taken this quiz